00317pab a2200121 454500008004000000100001700040245002400057260000900081300001100090362001400101650003300115773004700148180718b1984 xxu||||| |||| 00| 0 eng d aKochar, M.G. aIndian banks abroad c1984 a204-16 aOct.-Dec. aBanks - Underdeveloped Areas aJournal of the Indian Institute of Bankers